000 00327nam a2200121Ia 4500
008 240731s9999 xx 000 0 und d
022 _a1992-6049
245 0 _aCritical Arts : South-North Cultural and Media Studies
260 _bRoutledge
856 _uhttps://www.tandfonline.com/loi/rcrc20
942 _2ddc
942 _cTFEJ
999 _c76097
_d76097
945 _a1
_bMadushi Gamage
_c1
_dMadushi Gamage